000
00279nam a22001097a 4500
008
170112b xxu||||| |||| 00| 0 eng d
020
_a
9780130990099
041
_a
eng
080
_2
7TH
_a
618.2
245
_a
MATERNAL-NEWBORN NURSING&WOMEN'S HEALTH CARE
_c
OLDS, S.B
942
_2
udc
_c
BK
999
_c
2765
_d
2765